| 000 | 00430nam a2200157Ia 4500 | ||
|---|---|---|---|
| 005 | 20250303095828.0 | ||
| 008 | 231217s9999 xx 000 0 und d | ||
| 020 | _a9788131420133 | ||
| 082 | _a630 GHO;2 R1 | ||
| 100 | _aGhosh, Subir. Divya Nigam ed. | ||
| 245 | 0 | _aAlternative forms of farming in India | |
| 260 |
_c2008 _bIcfai _aHyderabad |
||
| 300 | _aix, 259 | ||
| 650 | _aAlternative,forms,forming,India | ||
| 942 | _cAA | ||
| 999 |
_c190192 _d190192 |
||